000 00471nam a2200205Ia 4500
003 0100
008 130303s9999 xx 000 0 und d
040 _cARRUPELIB
050 _aBL51.M624 1972
100 _aMiller, Ed. L
245 _aGod and reason
245 _ba historical approach to Philosophical Theology
260 _aNew York
260 _bMacmillan
260 _C1972
300 _a244p.
300 _b 23 cm.
650 _aRELIGION
942 0 0 _01
999 _c31735
_d31735